000
00307nam a22001217a 4500
008
181101b xxu||||| |||| 00| 0 eng d
041
_a
eng
080
_a
821
100
_a
24
101
_a
GJU
245
_a
Shifting Gears Technology Literature Culture in modern America
_c
CEcelia.t
942
_2
udc
_c
BK
999
_c
51501
_d
51501